Смерть пионера (Запись № 11900247)
[ простой вид ]
| 000 -МАРКЕР | |
|---|---|
| контрольное поле | 01633nam0a2200301 i 4500 |
| 001 - ИДЕНТИФИКАТОР ЗАПИСИ | |
| контрольное поле | RU\NLR\BIBL_A\011197353 |
| 005 - ИДЕНТИФИКАТОР ВЕРСИИ | |
| контрольное поле | 20241213225717.0 |
| 010 ## - МЕЖДУНАРОДНЫЙ СТАНДАРТНЫЙ НОМЕР КНИГИ (ISBN) | |
| Номер (ISBN) | 9785906137692 |
| Тираж | 100 |
| 021 ## - НОМЕР ГОСУДАРСТВЕННОЙ РЕГИСТРАЦИИ | |
| Код страны | Российская Федерация |
| Номер | 2016-59598 |
| Номер Листа государственной регистраци | 3783 |
| 035 ## - ДРУГИЕ СИСТЕМНЫЕ НОМЕРА | |
| Идентификатор записи | (NLR Aleph) 011197353 |
| 100 ## - ДАННЫЕ ОБЩЕЙ ОБРАБОТКИ | |
| Данные общей обработки | 20160818d2016 k y0rusy50 ca |
| 101 0# - ЯЗЫК РЕСУРСА | |
| Язык текста, звукозаписи и т.д. | русский |
| 102 ## - СТРАНА ПУБЛИКАЦИИ ИЛИ ПРОИЗВОДСТВА | |
| Страна публикации | Российская Федерация |
| 105 ## - ПОЛЕ КОДИРОВАННЫХ ДАННЫХ: ТЕКСТОВЫЕ МАТЕРИАЛЫ, МОНОГРАФИЧЕСКИЕ | |
| Кодированные данные о монографическом текстовом документе | a|||z|||000yy |
| 200 1# - ЗАГЛАВИЕ И СВЕДЕНИЯ ОБ ОТВЕТСТВЕННОСТИ | |
| Основное заглавие | Смерть пионера |
| Сведения, относящиеся к заглавию | к предыстории неосуществленного замысла [живописной композиции "Смерть пионера" ставропольского художника Сергея Мягких] |
| Первые сведения об ответственности | А. Колбасников |
| 210 ## - ПУБЛИКАЦИЯ, РАСПРОСТРАНЕНИЕ И ДР. | |
| Место издания, распространения и т.д. | Ставрополь |
| Имя издателя, распространителя и т. д. | Дизайн-студия Б |
| Дата издания, распространения и т.д. | 2016 |
| 215 ## - ФИЗИЧЕСКАЯ ХАРАКТЕРИСТИКА | |
| Специфическое обозначение материала и объем | 14, [60] с. |
| Другие сведения о физической характеристике | ил., цв. ил. |
| Размеры | 20 |
| 300 ## - ОБЩИЕ ПРИМЕЧАНИЯ | |
| Текст примечания | На авантит.: Сергей Мягких, 1962-1981 : XXV |
| 320 ## - ПРИМЕЧАНИЯ О НАЛИЧИИ В ДОКУМЕНТЕ БИБЛИОГРАФИИ / УКАЗАТЕЛЯ | |
| Текст примечания | Библиогр. в примеч.: с. 14 |
| 604 ## - ИМЯ И ЗАГЛАВИЕ КАК ПРЕДМЕТ | |
| Связываемые данные | 700#1$aМягких$bС. П.$gСергей Петрович$f1962 - 1981 |
| -- | 500##$a"Смерть пионера"$xВыставки$yВладивосток, город$z2016$2nlr_sh2$3RU\NLR\AUTH\6601602322 |
| Идентификатор авторитетной/нормативной записи | RU\NLR\AUTH\6601602322 |
| Имя лица | Мягких, Сергей Петрович (1962 - 1981) |
| Заглавие | "Смерть пионера" |
| Тематический подзаголовок | Выставки |
| Географический подзаголовок | Владивосток, город |
| Хронологический подзаголовок | 2016 |
| Системный номер авторитетной/нормативной записи | 2297037 |
| 686 1# - ИНДЕКСЫ ДРУГИХ КЛАССИФИКАЦИЙ | |
| Индекс | Щ153(2Р=Рус)7-8Мягких |
| 700 #1 - ИМЯ ЛИЦА - ПЕРВИЧНАЯ ОТВЕТСТВЕННОСТЬ | |
| Начальный элемент ввода | Колбасников |
| Часть имени, кроме начального элемента ввода | А.К. |
| 702 #1 - ИМЯ ЛИЦА - ВТОРИЧНАЯ ОТВЕТСТВЕННОСТЬ | |
| Начальный элемент ввода | Мягких |
| Часть имени, кроме начального элемента ввода | С.П. |
| Даты | 1962-1981 |
| Расширение инициалов личного имени | Сергей Петрович |
| Код отношения | Прочие |
| 942 ## - ДОПОЛНИТЕЛЬНЫЕ ЭЛЕМЕНТЫ ЗАПИСИ (АБИС) | |
| Тип экземпляра АБИС | Книга |
| 980 ## - КОЛЛЕКЦИЯ | |
| Название коллекции | НБР |
Нет доступных экземпляров.